Cây hoa bia

Αποθηκεύτηκε σε:
Λεπτομέρειες βιβλιογραφικής εγγραφής
Κύριος συγγραφέας: Iuri Apdadenko
Μορφή: Βιβλίο
Γλώσσα:Undetermined
Έκδοση: Hà Nội Phụ Nữ 1983
Θέματα:
Ετικέτες: Προσθήκη ετικέτας
Δεν υπάρχουν, Καταχωρήστε ετικέτα πρώτοι!
Thư viện lưu trữ: Trung tâm Học liệu Trường Đại học Cần Thơ
LEADER 00472nam a2200169Ia 4500
001 CTU_32591
008 210402s9999 xx 000 0 und d
082 |a 891.7 
082 |b A639 
100 |a Iuri Apdadenko 
245 0 |a Cây hoa bia 
245 0 |c Iuri Apdadenko, Lê Khánh Trường 
260 |a Hà Nội 
260 |b Phụ Nữ 
260 |c 1983 
650 |a russian fiction ( vietnamese ) 
980 |a Trung tâm Học liệu Trường Đại học Cần Thơ